Normal view
MARC view
Entry Personal Name
001 - CONTROL NUMBER
- control field: 260898
003 - CONTROL NUMBER IDENTIFIER
- control field: MY-SjTCS
005 - DATE AND TIME OF LATEST TRANSACTION
- control field: 20200306165152.0
008 - FIXED-LENGTH DATA ELEMENTS
- fixed length control field: 200306|| aca||aabn | a|a d
040 ## - CATALOGING SOURCE
- Original cataloging agency: MY-SjTCS
- Transcribing agency: MY-SjTCS
100 ## - HEADING--PERSONAL NAME
- Personal name: Garrity, Thomas Columkill,
- Dates associated with a name: 1967-
670 ## - SOURCE DATA FOUND
- Source citation: Work cat.: (MY-SjTCS)53418: Allen, Richard, 1944 Dec. 13- 260896, Assessing and reforming public financial management, c2004.